Former Countries Coat of Arms - Statistics

General Stats
  • This quiz has been taken 57 times
  • The average score is 9 of 16
Answer Stats
Picture Answer % Correct
Soviet Union
100%
Austria-Hungary
89%
Yugoslavia
85%
Ottoman Empire
81%
Prussia
79%
Czechoslovakia
77%
Tibet
74%
Wales
62%
France
55%
South Vietnam
49%
Venice
47%
Mexican empire
42%
Poland-Lithuania
38%
Sweden-norway
21%
Aragon
19%
Korea
15%
No matching quizzes found
Score Distribution
Percent of People with Each Score
Percentile by Number Answered
Your Score History
You have not taken this quiz